1057 1288 1021 1747 1873 1627 1188 1221 1206 1608 1546 1936 1467 1357 1662 1079 1529 1019 1582 1901 1540 1991 1873 1153 1285 1454 1492 1140 1533 1793 1311 1915 1238 1391 1701 1274 1820 1970 1476 1772 1884 1592 1614 1334 1230 1342 1999 1382 1190 1056 1064 1132 1596 1576 1225 1834 1573 1485 1157 1334 1946 1930 1933 1180 1083 1014 1569 1031 1248 1237 1955 1582 1495 1715 1886 1040 1726 1776 1281 1783 1194 1512 1944 1928 1151 1665 1235 1634 1314 1383 1399 1031 1394 1784 1764 1039 1363 1721 1095 BCNSPRNW ULIB Ver.6.0+V

เปลี่ยนเป็นภาษาไทย

Change to English
 แสดงรายละเอียดบรรณานุกรม
  กลับหน้าหลัก

Brief Record : Get Marc (ISO 2709) : E-mail record : QR code < ปิดหน้าต่าง
LEADER : 00000nam 2200000uu 4500
001    13399125055
003     ULIB
008    160607s2551||||th 000 0 tha d
020    ^a9789744820754
060 04 ^aWM165^bส271ก
100 0  ^aสมภพ เรืองตระกูล
245 10 ^aการฆ่าตัวตาย :^bการประเมินและการรักษา /^cสมภพ เรืองตระกูล
250    ^aพิมพ์ครั้งที่ 1
260    ^aกรุงเทพฯ :^bคณะแพทยศาสตร์ศิริราชพยาบาล มหาวิทยาลัยมหิดล,^c2551
300    ^a315 หน้า ;^c21 ซม.
440  0 ^aตำราจิตเวชสำหรับแพทย์เวชศาสตร์ครอบครัว ;^vชุดที่ 15
650  4 ^aการฆ่าตัวตาย
650  4 ^aโรคจิตเภท
650  4 ^aพฤติกรรมการฆ่าตัวตาย
653    ^aผลงานอาจารย์คณะแพทยศาสตร์ศิริราชพยาบาล
710 2  ^aมหาวิทยาลัยมหิดล. ^bคณะแพทยศาสตร์ศิริราชพยาบาล
945    ^p420^l0^i001182
945    ^p420^l0^i001183
945    ^p420^l0^i001184
999    ^aเกษร โพธิ์สุวรรณ
รายการนี้ยังไม่มีแท็ก
คุณยังไม่ได้ล็อกอิน คุณสามารถมีกิจกรรมร่วมกับเว็บไซต์ได้ แต่ต้องล็อกอินก่อน ::
  ล็อกอิน

รายการสื่อสารสนเทศ

ลำดับที่ ประเภท เลขเรียก/บาร์โค้ด สถานที่ สถานะ
1. วิทยาศาสตร์การแพทย์ และสุขภาพ
หนังสือสำรอง
สถานะ=หนังสือสำรอง
WM165 ส271ก ฉ.1 
  Barcode: 001182
ห้องสมุดวิทยาเขตสวรรค์ประชารักษ์
►หนังสือทั่วไป
บนชั้น
2. วิทยาศาสตร์การแพทย์ และสุขภาพ
วิทยาศาสตร์การแพทย์ และสุขภาพ
WM165 ส271ก ฉ.2 
  Barcode: 001183
ห้องสมุดวิทยาเขตสวรรค์ประชารักษ์
►หนังสือทั่วไป
บนชั้น
3. วิทยาศาสตร์การแพทย์ และสุขภาพ
วิทยาศาสตร์การแพทย์ และสุขภาพ
WM165 ส271ก ฉ.3 
  Barcode: 001184
ห้องสมุดวิทยาเขตสวรรค์ประชารักษ์
►หนังสือทั่วไป
บนชั้น

รายการใกล้เคียง
    ผู้แต่ง [สมภพ เรืองตระกูล]

    หัวเรื่อง [การฆ่าตัวตาย]
    หัวเรื่อง [โรคจิตเภท]
    หัวเรื่อง [พฤติกรรมการฆ่าตัวตาย]

BibComment


ยังไม่เคยถูกคอมเมนท์

คอมเมนท์ทรัพยากรรายการนี้
  คอมเมนท์: การฆ่าตัวตาย กา..


 Copyright 2026. Bcnsprnw @Library